LAW OF COURT FEES AND SUITS VALUATION STAMP REGISTRATION AND SUPREME COURT RULES (Record no. 9757)

MARC details
000 -LEADER
fixed length control field 00379nam a22001457a 4500
003 - CONTROL NUMBER IDENTIFIER
control field SGT
082 ## - DEWEY DECIMAL CLASSIFICATION NUMBER
Classification number 347.530954,ASH
100 ## - MAIN ENTRY--PERSONAL NAME
Personal name ASHUTOSH
245 ## - TITLE STATEMENT
Title LAW OF COURT FEES AND SUITS VALUATION STAMP REGISTRATION AND SUPREME COURT RULES
250 ## - EDITION STATEMENT
Edition statement 1ST
260 ## - PUBLICATION, DISTRIBUTION, ETC. (IMPRINT)
Place of publication, distribution, etc NEW DELHI
Name of publisher, distributor, etc UNIVERSAL BOOKS
Year of Publication 2015
300 ## - PAGE DESCRIPTION
No. of Pages 280
650 ## - SUBJECT ADDED ENTRY--TOPICAL TERM
Topical term or geographic name as entry element CIVIL PROCEDURE & COURTS
942 ## - ADDED ENTRY ELEMENTS (KOHA)
Source of classification or shelving scheme Dewey Decimal Classification
Koha item type Books
942 ## - ADDED ENTRY ELEMENTS (KOHA)
-- 8
Holdings
Withdrawn status Lost status Source of classification or shelving scheme Damaged status Not for loan Collection code Home library Current library Shelving location Date acquired Vendor Name Cost, normal purchase price SGTU Bill Number Total Checkouts Total Renewals Full call number Accession No. (Barcode) Date last seen Date last borrowed Bill Date Koha item type
    Dewey Decimal Classification     LAW SGT Science & Social Sciences Library SGT Science & Social Sciences Library Text Book 02/08/2016 JUPITER LAW HOUSE 240.00 SGTU 856 14 4 347.530954,ASH FL386 28/11/2025 01/10/2025 31/10/2014 Books
    Dewey Decimal Classification   Not For Loan LAW SGT Science & Social Sciences Library SGT Science & Social Sciences Library Reference Book 02/08/2016 JUPITER LAW HOUSE 240.00 SGTU 856     347.530954,ASH FL387 02/08/2016   31/10/2014 Books